An historical view of the Philippine islands

The need for a concise and compact history of the Philippines was felt a century and a half ago. At least half dozen thick volumes had been written on the subject, but with one exception they had been written by frairs who were more interested in relating the chronicles of their respective monastic...

Disgrifiad llawn

Wedi'i Gadw mewn:
Manylion Llyfryddiaeth
Prif Awdur: Zuniga, Joaquin Martinez De
Fformat: Llyfr
Iaith:Undetermined
Cyhoeddwyd: Manila Filipiniana Book Guild 1966
Tagiau: Ychwanegu Tag
Dim Tagiau, Byddwch y cyntaf i dagio'r cofnod hwn!
Thư viện lưu trữ: Trung tâm Học liệu Trường Đại học Cần Thơ
LEADER 00885nam a2200181Ia 4500
001 CTU_218454
008 210402s9999 xx 000 0 und d
082 |a 959.9 
082 |b Z95/Vol.10 
100 |a Zuniga, Joaquin Martinez De 
245 3 |a An historical view of the Philippine islands 
245 0 |c Joaquin Martinez De Zuniga 
260 |a Manila 
260 |b Filipiniana Book Guild 
260 |c 1966 
520 |a The need for a concise and compact history of the Philippines was felt a century and a half ago. At least half dozen thick volumes had been written on the subject, but with one exception they had been written by frairs who were more interested in relating the chronicles of their respective monastic orders than in a history of the events and important personages of that colony. 
904 |i Trúc 
980 |a Trung tâm Học liệu Trường Đại học Cần Thơ